Educación matemática: programas de estudio educación básica de adultos
Saved in:
| 企業作者: | |
|---|---|
| 格式: | 圖書 |
| 語言: | 西班牙语 |
| 出版: |
Santiago
Ministerio de Educación
2006
|
| 主題: | |
| 標簽: |
添加標簽
沒有標簽, 成為第一個標記此記錄!
|
MARC
| LEADER | 00000nam a2200000 a 4500 | ||
|---|---|---|---|
| 001 | UCI3188 | ||
| 003 | CL-VaPUC | ||
| 008 | 071012e20060000CL |||||||||||||||||spa|d | ||
| 020 | |a 9562921360 | ||
| 082 | 0 | 4 | |a 372.7 |b MIN |2 21 |
| 110 | 2 | |a Ministerio de Educación |e author |9 524620 | |
| 245 | 1 | 0 | |a Educación matemática: programas de estudio educación básica de adultos |
| 300 | |a 208 p | ||
| 942 | |c BK | ||
| 945 | |d 20071012 00:00:00 |a jtorresc | ||
| 260 | |a Santiago |b Ministerio de Educación |c 2006 | ||
| 650 | 0 | |a Matemáticas |x Enseñanza |9 875527 | |
| 650 | 0 | |a Educación básica |9 224933 | |
| 650 | 0 | |a Métodos de enseñanza |9 270413 | |
| 650 | 0 | |a Educación de adultos |9 307580 | |
| 583 | |a last modification |c 20170905 12:31:18 |k Rodrigo Vera | ||
| 999 | |c 327559 |d 327557 | ||
| 952 | |0 0 |1 0 |4 0 |6 372_700000000000000_MIN_2006 |7 0 |8 R |9 410530 |a BIBEDU |b BIBEDU |d 2019-11-22 |i 4372743 |o 372.7 MIN 2006 |p 4372743 |r 2019-11-22 |w 2019-11-22 |y BK_R |k EPE | ||